Risultati del Milan in UEFA Champions League 2022-2023 - Statistics

Statistiche generali
  • Questo quiz è stato fatto 59 volte
  • Il punteggio medio è 8 su 12
Statistiche sulle risposte
Hint Risposta % Corretto
Milan - Inter 0-2
92%
Napoli - Milan 1-1
86%
Inter - Milan 1-0
82%
Tottenham - Milan 0-0
80%
Milan - Napoli 1-0
78%
Milan - Chelsea 0-2
74%
Dinamo Zagabria - Milan 0-4
74%
Milan - Tottenham 1-0
66%
Salisburgo - Milan 1-1
64%
Chelsea - Milan 3-0
62%
Milan - Dinamo Zagabria 3-1
44%
Milan - Salisburgo 4-0
44%
Nessun quiz corrispondente trovato
Distribuzione punteggi
Percentuale di utenti per punteggio
Percentile per numero di risposta
I tuoi punteggi nel tempo
Non hai fatto questo quiz